[Event "D-HS-MM Dresden (TU) 2-Muenster (Uni) 1"]
[Site "Augsburg"]
[Date "2010.10.08"]
[Round "4.2"]
[White "Rudolf, Sebastian"]
[Black "Rehfeldt, Frank"]
[Result "0-1"]
[WhiteElo "2241"]
[BlackElo "2037"]
[PlyCount "86"]
[EventDate "2010.10.06"]

1. e4 c6 2. d4 d5 3. Nd2 dxe4 4. Nxe4 Bf5 5. Ng3 Bg6 6. h4 h6 7. Nf3 Nd7 8. h5
Bh7 9. Bd3 Bxd3 10. Qxd3 e6 11. Bf4 Qa5+ 12. Bd2 Bb4 13. c3 Be7 14. c4 Qc7 15.
O-O-O Ngf6 16. Kb1 O-O-O 17. Ne4 Nxe4 18. Qxe4 Nf6 19. Qe2 Rhe8 20. Bc3 Kb8 21.
Ne5 Bd6 22. g4 Ka8 23. f3 Rb8 24. Rc1 b5 25. Be1 Qb7 26. Bh4 Ng8 27. Qe4 Bxe5
28. dxe5 Ne7 29. Rh2 Rbd8 30. Qf4 g5 31. hxg6 Nxg6 32. Qe3 Rd7 33. Be1 bxc4 34.
Rhc2 Rb8 35. f4 c5 36. f5 Rd3 37. Qxc5 Rd5 38. Qg1 Nxe5 39. Bg3 c3 40. b3 Nf3
41. Qg2 Rd2 42. Qf1 Qe4 43. Be1 Rxc2 0-1

[Event "D-HS-MM Dresden (TU) 2-Muenster (Uni) 1"]
[Site "Augsburg"]
[Date "2010.10.08"]
[Round "4.3"]
[White "Hokamp, Sascha"]
[Black "Zimmermann, Rene"]
[Result "1/2-1/2"]
[WhiteElo "2017"]
[BlackElo "2079"]
[PlyCount "145"]
[EventDate "2010.10.06"]

1. d4 d5 2. Nf3 e6 3. e3 f5 4. Ne5 Nf6 5. b3 c6 6. a4 Nbd7 7. Ba3 Bxa3 8. Rxa3
O-O 9. Be2 Qc7 10. Nxd7 Bxd7 11. f4 Ne4 12. O-O b5 13. Bd3 b4 14. Ra2 Nd6 15.
Qe1 a5 16. Rf3 Bc8 17. Rh3 Ba6 18. Nd2 c5 19. Bxa6 Rxa6 20. dxc5 Qxc5 21. Nf3
Ne4 22. Nd4 Qe7 23. Ra1 e5 24. fxe5 Qxe5 25. Qf1 Rg6 26. Qf4 Qxf4 27. exf4 Rd6
28. Re1 h6 29. Rd3 g6 30. Re2 Kf7 31. Nb5 Rd7 32. Kf1 Rfd8 33. Nd4 Kf6 34. Rh3
Rh7 35. Rd3 Rc8 36. Nb5 Rc5 37. Rh3 Rd7 38. Nd4 h5 39. Rd3 Rc8 40. Ke1 Rg8 41.
Rh3 Rb8 42. Rd3 Rb6 43. Rf3 Kg7 44. Rd3 Kf7 45. Kf1 Rb8 46. Rde3 Ke7 47. Rg3
Kf6 48. Rf3 Rg8 49. Ke1 g5 50. fxg5+ Rxg5 51. h4 Rg4 52. Nxf5 Ke5 53. Kf1 Rc7
54. Ne3 Rxh4 55. g3 Rh1+ 56. Kg2 Rc1 57. Rf5+ Ke6 58. Rxh5 d4 59. Nf1 R1xc2 60.
Rxc2 Rxc2+ 61. Kf3 Nc5 62. Rh6+ Kf7 63. Rh4 Nxb3 64. Ke4 Rf2 65. Rf4+ Rxf4+ 66.
gxf4 Kf6 67. Ng3 Nc5+ 68. Kxd4 Nxa4 69. Kc4 Nc5 70. Kxc5 b3 71. Kc4 b2 72. Ne4+
Kf5 73. Nc3 1/2-1/2

[Event "D-HS-MM Dresden (TU) 2-Muenster (Uni) 1"]
[Site "Augsburg"]
[Date "2010.10.08"]
[Round "4.4"]
[White "Kunze, Christopher"]
[Black "Herud, Martin"]
[Result "1-0"]
[WhiteElo "2003"]
[BlackElo "1951"]
[PlyCount "155"]
[EventDate "2010.10.06"]

1. e4 c5 2. Nc3 Nc6 3. g3 g6 4. Bg2 Bg7 5. d3 d6 6. f4 e6 7. Nf3 Nge7 8. O-O
O-O 9. Be3 Nd4 10. e5 Nef5 11. Bf2 Nxf3+ 12. Qxf3 Nd4 13. Qd1 dxe5 14. fxe5
Bxe5 15. Ne4 f5 16. Nxc5 Qc7 17. b4 Rb8 18. c3 Nb5 19. d4 Bg7 20. Qd3 Nd6 21.
Rfe1 Re8 22. Rac1 Bh6 23. Be3 Bxe3+ 24. Rxe3 b6 25. Na6 Bxa6 26. Qxa6 Qd7 27.
Qd3 b5 28. Re5 Nc4 29. Rc5 Rbc8 30. a4 a6 31. axb5 axb5 32. Qf3 Nd6 33. Qf4 Nc4
34. Bf1 Nd6 35. Bd3 Ra8 36. Qe5 Nf7 37. Qe2 Nd6 38. Bxb5 Nxb5 39. Qxb5 Qxb5 40.
Rxb5 Ra2 41. Ra5 Rd2 42. Rf1 Rc8 43. Rc5 Ra8 44. Rf2 Ra1+ 45. Kg2 Raa2 46. Rxd2
Rxd2+ 47. Kf3 Rxh2 48. Rc7 g5 49. b5 Rb2 50. c4 Rb3+ 51. Kf2 h5 52. Re7 Rb4 53.
Rxe6 Rxc4 54. b6 Rb4 55. Rg6+ Kf7 56. Rxg5 Kf6 57. Rxh5 Kg6 58. Rh8 Rxb6 59.
Ke3 Rb3+ 60. Kf4 Rd3 61. Rd8 Kf6 62. Rd5 Ke6 63. Re5+ Kd6 64. Re3 Rxd4+ 65.
Kxf5 Rd1 66. g4 Rf1+ 67. Kg6 Rg1 68. g5 Rg2 69. Kf6 Rf2+ 70. Kg7 Rg2 71. g6 Rg1
72. Kf7 Rf1+ 73. Kg8 Rg1 74. g7 Rg2 75. Rh3 Ke7 76. Kh7 Kf7 77. g8=Q+ Rxg8 78.
Rf3+ 1-0

[Event "D-HS-MM Mannheim (Uni) 1-Muenchen (LMU) 1"]
[Site "Augsburg"]
[Date "2010.10.08"]
[Round "4.1"]
[White "Koepke, Christian"]
[Black "Fruebing, Stefan"]
[Result "1/2-1/2"]
[WhiteElo "2351"]
[BlackElo "2329"]
[PlyCount "164"]
[EventDate "2010.10.06"]

1. e4 e5 2. Nf3 d6 3. d4 exd4 4. Nxd4 Nf6 5. Nc3 Be7 6. g3 d5 7. e5 Ng4 8. Bg2
O-O 9. O-O Nxe5 10. Nxd5 Bc5 11. Bf4 Bg4 12. Qe1 Bxd4 13. Bxe5 Bxe5 14. Qxe5 c6
15. Qf4 Bc8 16. Nc3 Be6 17. Ne4 Bd5 18. Rad1 Qb6 19. Nd6 Qxb2 20. Bxd5 cxd5 21.
Rxd5 Nc6 22. c4 Ne7 23. Rd2 Qb4 24. Rfd1 Ng6 25. Qe4 b6 26. h4 Qc3 27. h5 Ne5
28. Kg2 Nd7 29. Qc6 Nc5 30. Nb5 Qxc4 31. Qxa8 Qxb5 32. Rd8 Ne6 33. Rxf8+ Nxf8
34. Rd8 Qb4 35. Re8 a5 36. Qd8 Qc5 37. Qe7 Qd5+ 38. Kg1 Qd1+ 39. Kg2 Qd5+ 40.
f3 Qxa2+ 41. Kh3 Qe6+ 42. Qxe6 fxe6 43. Rb8 Kf7 44. Rxb6 Kf6 45. Ra6 Nd7 46.
Rxa5 Ne5 47. f4 Nc6 48. Ra8 Nd4 49. g4 h6 50. Kg3 Ne2+ 51. Kf3 Nc3 52. Rc8 Nb5
53. Rb8 Nd6 54. Ra8 Nf7 55. Re8 Nd6 56. Rd8 Ke7 57. Rg8 Kf7 58. Ra8 Kf6 59. Ra7
Nb5 60. Rd7 Nc3 61. Ke3 Na4 62. Kd4 Nb6 63. Rd6 Nc8 64. Rd8 Nb6 65. Kc5 Ke7 66.
Rd1 Nd7+ 67. Kc6 Nf6 68. g5 Nxh5 69. Rd7+ Ke8 70. gxh6 gxh6 71. Rh7 Nxf4 72.
Rxh6 Kf7 73. Rh7+ Kg6 74. Rh1 e5 75. Kc5 Kf5 76. Kc4 Ke4 77. Re1+ Kf5 78. Kc3
Nd5+ 79. Kc2 e4 80. Ra1 Ke5 81. Re1 Kf4 82. Rxe4+ Kxe4 1/2-1/2

[Event "D-HS-MM Mannheim (Uni) 1-Muenchen (LMU) 1"]
[Site "Augsburg"]
[Date "2010.10.08"]
[Round "4.2"]
[White "Knickel, Aaron"]
[Black "Levushkina, Elena"]
[Result "1-0"]
[WhiteElo "2135"]
[BlackElo "2280"]
[PlyCount "141"]
[EventDate "2010.10.06"]

1. g3 d5 2. Bg2 Nf6 3. d3 c6 4. Nd2 e5 5. e4 dxe4 6. dxe4 Be7 7. Ngf3 Qc7 8.
O-O O-O 9. Nc4 Nbd7 10. Nfd2 Rd8 11. Ne3 Nc5 12. Qf3 Ne6 13. Nf5 Nd4 14. Nxe7+
Qxe7 15. Qd1 Bg4 16. f3 Be6 17. Kh1 Qd7 18. c3 Nb5 19. Qc2 b6 20. Re1 Bh3 21.
Nc4 Bxg2+ 22. Kxg2 Qe6 23. Ne3 Rd7 24. Rd1 Rad8 25. Bd2 h5 26. Be1 Rxd1 27.
Nxd1 Nh7 28. Ne3 Ng5 29. Qe2 Rd6 30. Nf5 Rd7 31. Rd1 g6 32. Rxd7 Qxd7 33. Qd2
Qxd2+ 34. Bxd2 gxf5 35. Bxg5 fxe4 36. Bf6 Nd6 37. b3 exf3+ 38. Kxf3 e4+ 39. Kf4
Kh7 40. Be5 e3 41. Kxe3 Nc8 42. Kf4 Kg6 43. g4 hxg4 44. Kxg4 Ne7 45. c4 Nf5 46.
Kf4 f6 47. Bb8 a6 48. Bc7 b5 49. cxb5 cxb5 50. Ke4 Kg5 51. Bf4+ Kg6 52. Kd5 Ng7
53. Kc6 Kf5 54. Bb8 Ke4 55. Kb6 Kd5 56. Kxa6 Kc6 57. h4 Nh5 58. Ka5 f5 59. Kb4
f4 60. Ba7 f3 61. a4 bxa4 62. bxa4 Nf4 63. Kc4 Nh3 64. h5 f2 65. Bxf2 Nxf2 66.
h6 Ng4 67. h7 Ne5+ 68. Kd4 Ng6 69. Ke4 Kd7 70. Kf5 Nh8 71. Kf6 1-0

[Event "D-HS-MM Mannheim (Uni) 1-Muenchen (LMU) 1"]
[Site "Augsburg"]
[Date "2010.10.08"]
[Round "4.3"]
[White "Monninger, Moritz"]
[Black "Hummel, Dennis"]
[Result "1-0"]
[WhiteElo "2036"]
[BlackElo "1932"]
[PlyCount "61"]
[EventDate "2010.10.06"]

1. d4 e6 2. c4 Nf6 3. Nf3 b6 4. g3 Ba6 5. Nbd2 c5 6. Bg2 Nc6 7. dxc5 Bxc5 8. a3
Bb7 9. b4 Be7 10. Bb2 O-O 11. O-O Qc7 12. Qb3 Rac8 13. Rac1 d6 14. Rfd1 Rfd8
15. h4 a5 16. Rc2 axb4 17. axb4 Qb8 18. e4 Ba8 19. Rdc1 Rd7 20. Nd4 Nxd4 21.
Bxd4 Qb7 22. Bf3 e5 23. Be3 h6 24. Ra1 Rdc7 25. Rca2 b5 26. cxb5 Rc1+ 27. Rxc1
Rxc1+ 28. Kg2 Qc8 29. Ra7 Kf8 30. Qa3 Bb7 31. Rxb7 1-0

[Event "D-HS-MM Mannheim (Uni) 1-Muenchen (LMU) 1"]
[Site "Augsburg"]
[Date "2010.10.08"]
[Round "4.4"]
[White "Schreck, Alexander"]
[Black "Meier, Desiderius"]
[Result "0-1"]
[WhiteElo "1772"]
[BlackElo "1973"]
[PlyCount "48"]
[EventDate "2010.10.06"]

1. d4 Nf6 2. c4 e6 3. Nc3 Bb4 4. f3 d5 5. a3 Bxc3+ 6. bxc3 O-O 7. cxd5 exd5 8.
e3 c5 9. Bd3 Nc6 10. Ne2 b6 11. O-O Re8 12. Ng3 Bb7 13. Ra2 Rc8 14. Raf2 Rc7
15. Kh1 cxd4 16. cxd4 Na5 17. Rc2 Bc6 18. Qe2 Rce7 19. Rc3 Qd7 20. Bd2 Ba4 21.
e4 dxe4 22. fxe4 Nb3 23. Rxf6 gxf6 24. Nf5 Qxf5 0-1

[Event "D-HS-MM Poznanska (FH) 2-Augsburg (Uni) 3"]
[Site "Augsburg"]
[Date "2010.10.08"]
[Round "4.1"]
[White "Melzner, Lukas"]
[Black "Sikorska, Agata"]
[Result "1-0"]
[WhiteElo "2089"]
[BlackElo "2096"]
[PlyCount "89"]
[EventDate "2010.10.06"]

1. c4 e5 2. g3 g6 3. Bg2 Bg7 4. Nc3 Nc6 5. e3 d6 6. Nge2 f5 7. d3 Nf6 8. O-O
O-O 9. Rb1 a5 10. a3 Be6 11. b4 axb4 12. axb4 Qd7 13. b5 Nd8 14. Nd5 g5 15.
Nec3 Rc8 16. f4 h6 17. fxe5 dxe5 18. Ba3 Rf7 19. Qe2 Nh7 20. Na4 Qe8 21. Nc5 c6
22. Nb6 Rcc7 23. bxc6 bxc6 24. Bb4 g4 25. Ra1 Ra7 26. Ra2 Ng5 27. Rfa1 Rxa2 28.
Rxa2 Bf6 29. Ra8 h5 30. Kh1 Rh7 31. e4 h4 32. Nxe6 Qxe6 33. gxh4 Rxh4 34. Be1
Rh7 35. exf5 Qxf5 36. Bxc6 Qf4 37. Bd5+ Kh8 38. Qg2 Nf3 39. Bxf3 gxf3 40. Qg3
Qe3 41. Nd5 Qh6 42. Ra6 Rf7 43. Nxf6 Rxf6 44. Qxe5 Kg7 45. Qxf6+ 1-0

[Event "D-HS-MM Poznanska (FH) 2-Augsburg (Uni) 3"]
[Site "Augsburg"]
[Date "2010.10.08"]
[Round "4.2"]
[White "Kaczmarek, Piotr"]
[Black "Zikeli, Saskia"]
[Result "0-1"]
[WhiteElo "1842"]
[BlackElo "2020"]
[PlyCount "60"]
[EventDate "2010.10.06"]

1. d4 Nf6 2. e3 g6 3. c4 Bg7 4. Nc3 O-O 5. e4 d6 6. f3 c5 7. d5 a6 8. Be3 Nbd7
9. g4 Ne5 10. Qd2 e6 11. Bh6 Nxe4 12. Nxe4 Qh4+ 13. Qf2 Qxf2+ 14. Kxf2 Bxh6 15.
Nxd6 exd5 16. cxd5 Rd8 17. Nxc8 Raxc8 18. Rd1 c4 19. Kg3 c3 20. bxc3 Rxc3 21.
Rb1 b5 22. a4 bxa4 23. Bxa6 Rxd5 24. h4 a3 25. Rh2 Rd2 26. Rxd2 Bxd2 27. Ne2
Rxf3+ 28. Kg2 a2 29. Ra1 Ra3 30. Bc8 Nc4 0-1

[Event "D-HS-MM Poznanska (FH) 2-Augsburg (Uni) 3"]
[Site "Augsburg"]
[Date "2010.10.08"]
[Round "4.3"]
[White "Yin, Stanley"]
[Black "Fengier, Jakub"]
[Result "0-1"]
[WhiteElo "1899"]
[BlackElo "2002"]
[PlyCount "54"]
[EventDate "2010.10.06"]

1. c4 c6 2. g3 d5 3. cxd5 cxd5 4. Nf3 Nf6 5. Bg2 Nc6 6. d4 Bf5 7. O-O e6 8. Nh4
Bg6 9. Nxg6 hxg6 10. Bg5 Qb6 11. e3 Qxb2 12. Nd2 Qa3 13. Bxf6 gxf6 14. Qe2 Be7
15. Qb5 Qb4 16. Rab1 Qxb5 17. Rxb5 b6 18. Rc1 Kd7 19. Bf1 Rhc8 20. Rb3 Na5 21.
Rbc3 Rxc3 22. Rxc3 Bb4 23. Rc2 Bxd2 24. Rxd2 Rc8 25. h4 f5 26. Be2 Rc1+ 27. Kg2
Nc4 0-1

[Event "D-HS-MM Poznanska (FH) 2-Augsburg (Uni) 3"]
[Site "Augsburg"]
[Date "2010.10.08"]
[Round "4.4"]
[White "Sobierska, Wioletta"]
[Black "Sedelmayr, Werner"]
[Result "1-0"]
[WhiteElo "1986"]
[BlackElo "1660"]
[PlyCount "115"]
[EventDate "2010.10.06"]

1. e4 c5 2. Nf3 Nc6 3. d4 cxd4 4. Nxd4 Nf6 5. Nc3 e5 6. Ndb5 d6 7. Bg5 a6 8.
Na3 b5 9. Nd5 Be7 10. Bxf6 Bxf6 11. c3 O-O 12. Nc2 Bg5 13. a4 bxa4 14. Rxa4 a5
15. Bc4 Be6 16. O-O Rb8 17. b3 Qd7 18. Qd3 Qb7 19. Rb1 Kh8 20. Nce3 Bxe3 21.
Nxe3 Rbd8 22. Bd5 Bxd5 23. Qxd5 Qc7 24. Nc4 Rc8 25. Qxd6 Qxd6 26. Nxd6 Rcd8 27.
Nc4 Rd3 28. Rc1 f5 29. Nxa5 Nxa5 30. Rxa5 fxe4 31. Rxe5 Rd2 32. Rxe4 Kg8 33.
Rf1 Rc2 34. Re3 Rb2 35. b4 Rc8 36. h3 Rc2 37. Rb1 Rf8 38. Rf1 Rd8 39. Rf3 Rc8
40. Rb1 R8xc3 41. Rxc3 Rxc3 42. b5 Rc8 43. f4 Kf7 44. b6 Ke6 45. Kf2 Kd5 46.
Kf3 Rb8 47. g4 Kd4 48. h4 Kd3 49. f5 Kd4 50. Kf4 Rb7 51. g5 Kd5 52. Rd1+ Kc5
53. Rc1+ Kd6 54. Rc7 Rxc7 55. bxc7 Kxc7 56. Ke5 Kd7 57. f6 gxf6+ 58. Kxf6 1-0

[Event "D-HS-MM Muenster (Uni) 2-Augsburg (Uni) 2"]
[Site "Augsburg"]
[Date "2010.10.08"]
[Round "4.1"]
[White "Luhn, Robert"]
[Black "Webner, Dennis"]
[Result "1-0"]
[WhiteElo "1871"]
[BlackElo "1895"]
[PlyCount "151"]
[EventDate "2010.10.06"]

1. d4 d5 2. c4 e5 3. cxd5 Qxd5 4. dxe5 Qxe5 5. Nf3 Qd6 6. Qc2 Nc6 7. g3 Nb4 8.
Qe4+ Qe6 9. Qxe6+ Bxe6 10. Na3 Nxa2 11. Bd2 Nb4 12. Bg2 Bd5 13. O-O c6 14. e4
Be6 15. Nd4 Nf6 16. Nxe6 fxe6 17. Nc4 Bc5 18. Nb6 Bxb6 19. Bxb4 Kf7 20. h3 Rhd8
21. Ra3 Rd4 22. Bc3 Rd7 23. Rfa1 Rad8 24. Bf3 a6 25. g4 Bd4 26. Rb3 c5 27. g5
Ne8 28. e5 b5 29. Rxa6 b4 30. Bxd4 cxd4 31. Rxb4 d3 32. Ra1 d2 33. Rd1 Rc8 34.
Kf1 Rc5 35. Re4 Nc7 36. Ke2 Rc2 37. Rf4+ Ke7 38. Rb4 Na6 39. Rh4 Rxb2 40. Rxh7
Kd8 41. Bc6 Rc7 42. Rh8+ Ke7 43. Be4 Nc5 44. Bg6 Nb3 45. Rg8 Rc1 46. Rxg7+ Kd8
47. Rg8+ Kc7 48. Rg7+ Kd8 49. Rg8+ Kc7 50. Bh5 Rxd1 51. Kxd1 Nc5 52. Bg6 Nb3
53. h4 Ra2 54. Bh5 Nc5 55. Bg6 Nb3 56. Bc2 Ra1+ 57. Ke2 Re1+ 58. Kd3 d1=Q+ 59.
Bxd1 Rxd1+ 60. Kc2 Rh1 61. Kxb3 Rxh4 62. Rf8 Rg4 63. f4 Kd7 64. Kc4 Ke7 65. Rf6
Rg2 66. Kd4 Rg1 67. Ke3 Rg2 68. Kf3 Rg1 69. Rh6 Kf7 70. Kf2 Rg4 71. Kf3 Rg1 72.
Rh7+ Kg6 73. Re7 Rf1+ 74. Ke3 Re1+ 75. Kd4 Rd1+ 76. Kc5 1-0

[Event "D-HS-MM Muenster (Uni) 2-Augsburg (Uni) 2"]
[Site "Augsburg"]
[Date "2010.10.08"]
[Round "4.2"]
[White "Wolffgang, Georg"]
[Black "Giannino, Domenico"]
[Result "0-1"]
[WhiteElo "1793"]
[BlackElo "1943"]
[PlyCount "74"]
[EventDate "2010.10.06"]

1. f4 d5 2. Nf3 Bf5 3. d3 c5 4. c3 e6 5. g3 Nf6 6. Bg2 Nc6 7. O-O Be7 8. Na3 a6
9. Qe1 Qc7 10. Nd2 h6 11. e4 Bh7 12. f5 O-O 13. Qe2 dxe4 14. dxe4 exf5 15. exf5
b5 16. Ne4 Rac8 17. Bf4 Qb6 18. g4 Nxe4 19. Bxe4 c4+ 20. Be3 Bc5 21. Rae1 Rfe8
22. Bxc5 Qxc5+ 23. Qf2 Qxf2+ 24. Kxf2 Ne5 25. Kg3 Rcd8 26. Nc2 Rd2 27. h3 Kf8
28. Rf2 Rxf2 29. Kxf2 f6 30. Nb4 a5 31. Nc6 Bg8 32. Nxe5 Rxe5 33. Bc6 Rxe1 34.
Kxe1 b4 35. cxb4 axb4 36. a3 c3 37. Be4 cxb2 0-1

[Event "D-HS-MM Muenster (Uni) 2-Augsburg (Uni) 2"]
[Site "Augsburg"]
[Date "2010.10.08"]
[Round "4.3"]
[White "Schaad, Simon Ulrich Maria"]
[Black "Zarubin, Ilja"]
[Result "1/2-1/2"]
[WhiteElo "1549"]
[BlackElo "1743"]
[PlyCount "128"]
[EventDate "2010.10.06"]

1. d4 g6 2. Nc3 Nf6 3. e4 d6 4. Bg5 Bg7 5. e5 Ng4 6. h3 h6 7. Bd2 dxe5 8. hxg4
exd4 9. Ne4 Qd5 10. Qf3 Be6 11. Nh3 g5 12. Nhxg5 hxg5 13. Rxh8+ Bxh8 14. Nxg5
Qxf3 15. gxf3 Bd5 16. O-O-O Nc6 17. c3 O-O-O 18. c4 Be6 19. Nxe6 fxe6 20. f4
Bg7 21. Bg2 Rh8 22. Be4 Nd8 23. Bb4 Rf8 24. f5 Nc6 25. Bd2 Ne5 26. f3 Nxc4 27.
fxe6 Ne5 28. Bb4 Nxf3 29. Bxe7 Re8 30. Rf1 Rxe7 31. Rxf3 Kd8 32. Bf5 Bh6+ 33.
Kc2 c5 34. Rh3 Bg7 35. Rh7 Ke8 36. Bg6+ Kf8 37. Bf7 b6 38. Rh5 Bf6 39. Rf5 Bg7
40. Rd5 Bh8 41. Rg5 Bg7 42. Rd5 d3+ 43. Rxd3 Bd4 44. b4 Kg7 45. bxc5 Bxc5 46.
g5 Rc7 47. Rd7 Rxd7 48. exd7 Be7 49. g6 Kf8 50. Kb3 Bf6 51. Kb4 Ke7 52. Be8 a5+
53. Kb5 Bd4 54. Kc6 Kd8 55. Kd5 Bb2 56. Ke6 b5 57. Kf7 b4 58. g7 Bxg7 59. Kxg7
a4 60. Bf7 Kxd7 61. Kf6 Kc6 62. Ke5 Kc5 63. Ke4 b3 64. axb3 axb3 1/2-1/2

[Event "D-HS-MM Muenster (Uni) 2-Augsburg (Uni) 2"]
[Site "Augsburg"]
[Date "2010.10.08"]
[Round "4.4"]
[White "Stumpe, Danny"]
[Black "Ritzka, Simon"]
[Result "1/2-1/2"]
[WhiteElo "1461"]
[BlackElo "1740"]
[PlyCount "87"]
[EventDate "2010.10.06"]

1. e4 e6 2. Nf3 d5 3. exd5 exd5 4. d4 Bd6 5. Be2 Ne7 6. O-O Bf5 7. b3 Nd7 8.
Bb2 Nf6 9. c4 c6 10. Bd3 Bg6 11. Re1 O-O 12. Qc2 Qd7 13. Nbd2 Bxd3 14. Qxd3 Ng6
15. Ne5 Bxe5 16. dxe5 dxc4 17. Qxd7 Nxd7 18. Nxc4 Rad8 19. g3 Nc5 20. Re2 Rfe8
21. f4 Rd5 22. Kf1 Nf8 23. Ba3 Nfe6 24. Ne3 Rd3 25. f5 Nd4 26. Bxc5 Nxe2 27.
Kxe2 Red8 28. Bd6 Rd4 29. Nc2 Rg4 30. Kf3 h5 31. h3 Rg5 32. Ne3 h4 33. g4 f6
34. Be7 Rd7 35. exf6 Kf7 36. Bb4 gxf6 37. Rd1 Rxd1 38. Nxd1 Rg8 39. Nb2 Rd8 40.
Ke3 Re8+ 41. Kf3 Rd8 42. Ke3 b6 43. Nd3 Re8+ 44. Kf3 1/2-1/2

[Event "D-HS-MM Poznanska (FH) 1-Dresden (TU) 1"]
[Site "Augsburg"]
[Date "2010.10.08"]
[Round "5.1"]
[White "Loxine, Iakov"]
[Black "Chojnacki, Krzysztof"]
[Result "1/2-1/2"]
[WhiteElo "2350"]
[BlackElo "2248"]
[PlyCount "81"]
[EventDate "2010.10.06"]

1. c4 Nf6 2. Nc3 g6 3. g3 Bg7 4. Bg2 O-O 5. e4 d6 6. Nge2 c5 7. d3 Nc6 8. O-O
Ne8 9. Be3 Nc7 10. Rb1 Ne6 11. a3 a5 12. Nb5 Ned4 13. Nbxd4 cxd4 14. Bd2 e5 15.
b4 axb4 16. axb4 Be6 17. Ra1 Qd7 18. b5 Ne7 19. Bb4 f5 20. exf5 Bxf5 21. Qd2 h5
22. Rxa8 Rxa8 23. Nc1 Kh7 24. Nb3 Ra4 25. Na5 d5 26. Bxe7 dxc4 27. Nxc4 Qxe7
28. Re1 Qb4 29. Be4 Bxe4 30. Qxb4 Rxb4 31. Rxe4 Rxb5 32. Re1 Kg8 33. Kg2 Rc5
34. Kf3 b5 35. Nd6 Rc3 36. Ke4 b4 37. Rb1 b3 38. Nc4 Rc2 39. Kf3 Rc3 40. Ke4
Rc2 41. Kf3 1/2-1/2

[Event "D-HS-MM Poznanska (FH) 1-Dresden (TU) 1"]
[Site "Augsburg"]
[Date "2010.10.08"]
[Round "5.2"]
[White "Lubczynski, Rafal"]
[Black "Zwahr, Paul"]
[Result "0-1"]
[WhiteElo "2419"]
[BlackElo "2273"]
[PlyCount "132"]
[EventDate "2010.10.06"]

1. Nf3 Nf6 2. c4 g6 3. d4 Bg7 4. g3 O-O 5. Bg2 d6 6. O-O Nc6 7. Nc3 a6 8. b3
Rb8 9. Bb2 b5 10. cxb5 axb5 11. Rc1 b4 12. Na4 Na7 13. Qc2 c6 14. Ne1 Bd7 15.
e4 Qa5 16. Nd3 Qh5 17. e5 Nd5 18. Bxd5 cxd5 19. Nf4 Qf3 20. Qd1 Bg4 21. Qxf3
Bxf3 22. Rfe1 g5 23. Re3 Be4 24. Nh5 Rfc8 25. f3 Rxc1+ 26. Bxc1 Rc8 27. Bd2 Bb1
28. Nxg7 Kxg7 29. exd6 exd6 30. Nb6 Rb8 31. Nxd5 Nc6 32. Nc7 Bxa2 33. d5 Na5
34. Na6 Rb5 35. Nxb4 Bxb3 36. Rd3 Kg6 37. Nc6 Bc4 38. Ne7+ Kf6 39. Re3 Rb3 40.
Nc8 Rxe3 41. Bxe3 Bxd5 42. Nxd6 Bxf3 43. h4 gxh4 44. gxh4 Ke6 45. Bf4 Nc6 46.
Kf2 Bd5 47. Kg3 Nd4 48. Kg4 Bb3 49. Kg5 Bc2 50. Ne8 Ke7 51. Nc7 f6+ 52. Kh6 Bg6
53. Kg7 Nf5+ 54. Kg8 Nxh4 55. Nd5+ Ke6 56. Ne3 Nf5 57. Nc4 h5 58. Nd2 h4 59.
Nf3 Bh5 60. Nh2 Be2 61. Bc7 h3 62. Kh8 Bd3 63. Bd8 Kf7 64. Bb6 Nh4 65. Bd8 Bc4
66. Ng4 Be6 {und Schwarz gewann} 0-1

[Event "D-HS-MM Poznanska (FH) 1-Dresden (TU) 1"]
[Site "Augsburg"]
[Date "2010.10.08"]
[Round "5.3"]
[White "Hoffmann, Paul"]
[Black "Panocki, Adrian"]
[Result "1/2-1/2"]
[WhiteElo "2317"]
[BlackElo "2354"]
[PlyCount "111"]
[EventDate "2010.10.06"]

1. e4 d5 2. exd5 Nf6 3. Bb5+ Bd7 4. Be2 Bf5 5. Bf3 Nxd5 6. Ne2 Nc6 7. Nbc3 e6
8. O-O Be7 9. d3 Ne5 10. Bxd5 exd5 11. Ng3 Bg4 12. f3 Bc8 13. f4 Nc6 14. f5 d4
15. Nce4 f6 16. Qh5+ Kf8 17. Bf4 Bd7 18. c4 dxc3 19. bxc3 Be8 20. Qe2 Bf7 21.
Rfd1 Qd5 22. Bxc7 g5 23. Nh5 Qxf5 24. Rf1 Qd7 25. Nhxf6 Qxc7 26. Nxg5 Bxf6 27.
Rxf6 Re8 28. Qh5 Nd8 29. Raf1 Re7 30. Rxf7+ Nxf7 31. Rxf7+ Kg8 32. Rf1 Qb6+ 33.
d4 Qg6 34. Qh4 h6 35. Nh3 Rf7 36. Nf4 Qg5 37. Qf2 Rg7 38. Qe3 Qe7 39. Qh3 Rf7
40. g3 Kh7 41. Qg2 Re8 42. Rd1 Qe4 43. Qxe4+ Rxe4 44. Kf2 Re8 45. c4 Kg7 46. c5
Rc7 47. Kf3 Kf7 48. Rb1 Rb8 49. Rc1 Rbc8 50. Rb1 Rb8 51. Nd3 Ke6 52. Ke4 Re8
53. a4 Kd7+ 54. Ne5+ Kc8 55. Rf1 Rce7 56. Rf5 {
restliche Zuege nicht rekonstruierbar} 1/2-1/2

[Event "D-HS-MM Poznanska (FH) 1-Dresden (TU) 1"]
[Site "Augsburg"]
[Date "2010.10.08"]
[Round "5.4"]
[White "Maciejczak, Jakub"]
[Black "Boettger, Lukas"]
[Result "1-0"]
[WhiteElo "2327"]
[BlackElo "2093"]
[PlyCount "57"]
[EventDate "2010.10.06"]

1. e4 c5 2. Nc3 Nc6 3. g3 g6 4. Bg2 Bg7 5. d3 d6 6. f4 e6 7. Nf3 Nge7 8. O-O
O-O 9. Be3 Nd4 10. e5 Nef5 11. Bf2 Bd7 12. Ne4 Nxf3+ 13. Bxf3 Bc6 14. c3 dxe5
15. fxe5 b6 16. Nf6+ Bxf6 17. Bxc6 Rc8 18. exf6 Rxc6 19. g4 Nd6 20. Qf3 Rc7 21.
Be3 e5 22. Qh3 Rc6 23. Rf3 Ne8 24. Raf1 e4 25. dxe4 Re6 26. Bh6 Rxe4 27. Bxf8
Kxf8 28. Qxh7 Nxf6 29. Qh8+ 1-0

[Event "D-HS-MM Leipzig (Uni) 1-Augsburg (Uni) 1"]
[Site "Augsburg"]
[Date "2010.10.08"]
[Round "5.1"]
[White "Grimberg, Boris"]
[Black "Schoeneberg, Manfred"]
[Result "1-0"]
[WhiteElo "2331"]
[BlackElo "2233"]
[PlyCount "145"]
[EventDate "2010.10.06"]

1. e4 c5 2. Nf3 g6 3. d4 Bg7 4. c4 cxd4 5. Nxd4 Nc6 6. Be3 d6 7. Nc3 Nf6 8. Be2
O-O 9. O-O Bd7 10. Qd2 a5 11. f3 a4 12. Rac1 Qa5 13. Rfd1 Rfc8 14. Nxc6 Bxc6
15. Rc2 Nd7 16. g3 b6 17. Nd5 Qxd2 18. Rdxd2 Bxd5 19. cxd5 a3 20. b3 Bc3 21.
Rd1 Bb4 22. Rdc1 Rxc2 23. Rxc2 Bc5 24. Kf2 Kf8 25. Bb5 Ne5 26. h3 Ra5 27. Be2
e6 28. b4 Bxe3+ 29. Kxe3 Ra7 30. f4 Nd7 31. Rc8+ Ke7 32. Bb5 exd5 33. exd5 Nf6
34. Bc6 h6 35. Rb8 Nd7 36. Bxd7 Kxd7 37. Rxb6 Rc7 38. Kd3 Rc1 39. Rb7+ Kc8 40.
Rxf7 Ra1 41. Kc4 Rxa2 42. Kb3 Rh2 43. h4 a2 44. Ra7 Rg2 45. Rxa2 Rxg3+ 46. Ka4
Rd3 47. Rg2 Rxd5 48. Rxg6 Rh5 49. Rxd6 Rxh4 50. Rf6 h5 51. Kb5 Rh1 52. Kc6 Rc1+
53. Kd6 Rb1 54. b5 Rf1 55. Kc6 Rc1+ 56. Kb6 Rf1 57. Rh6 Rxf4 58. Rxh5 Rb4 59.
Rh8+ Kd7 60. Rb8 Rb1 61. Ka7 Ra1+ 62. Kb7 Rb1 63. b6 Rb2 64. Rh8 Ra2 65. Kb8
Ra1 66. b7 Ra2 67. Rh1 Ra3 68. Rd1+ Ke7 69. Rd4 Ra1 70. Kc7 Rc1+ 71. Kb6 Rb1+
72. Kc6 Rb2 73. Rd5 1-0

[Event "D-HS-MM Leipzig (Uni) 1-Augsburg (Uni) 1"]
[Site "Augsburg"]
[Date "2010.10.08"]
[Round "5.2"]
[White "Boehlig, Heinz"]
[Black "Billing, Christian"]
[Result "1/2-1/2"]
[WhiteElo "2174"]
[BlackElo "2273"]
[PlyCount "48"]
[EventDate "2010.10.06"]

1. Nf3 Nf6 2. c4 e6 3. g3 d5 4. d4 Nbd7 5. Bg2 Be7 6. O-O O-O 7. b3 c6 8. Bb2
b6 9. Nc3 Ba6 10. Ne5 Rc8 11. cxd5 exd5 12. Nd3 Re8 13. Re1 Bf8 14. e4 dxe4 15.
Nxe4 Nxe4 16. Rxe4 Rxe4 17. Bxe4 Nf6 18. Bf5 Rc7 19. Ne5 Bb7 20. Bh3 Nd5 21. a3
g6 22. b4 Bg7 23. Bg2 Re7 24. Rc1 Qd6 1/2-1/2

[Event "D-HS-MM Leipzig (Uni) 1-Augsburg (Uni) 1"]
[Site "Augsburg"]
[Date "2010.10.08"]
[Round "5.3"]
[White "Nuber, Korbinian"]
[Black "Pruefer, Friedbert"]
[Result "1/2-1/2"]
[WhiteElo "2192"]
[BlackElo "2080"]
[PlyCount "47"]
[EventDate "2010.10.06"]

1. e4 d6 2. d4 Nf6 3. Nc3 g6 4. f4 Bg7 5. Nf3 c5 6. Bb5+ Bd7 7. e5 Ng4 8. e6
fxe6 9. Ng5 Bxb5 10. Nxe6 Bxd4 11. Nxb5 Qa5+ 12. Qd2 Bf2+ 13. Kd1 Ne3+ 14. Ke2
Qxb5+ 15. Kxf2 Ng4+ 16. Kg3 Qd7 17. Re1 Nc6 18. b3 Nh6 19. Bb2 Rg8 20. Kf2 Nf5
21. Qd5 Nb4 22. Nc7+ Kf8 23. Ne6+ Ke8 24. Nc7+ 1/2-1/2

[Event "D-HS-MM Leipzig (Uni) 1-Augsburg (Uni) 1"]
[Site "Augsburg"]
[Date "2010.10.08"]
[Round "5.4"]
[White "Kalies, Grit"]
[Black "Demel, Paul"]
[Result "0-1"]
[WhiteElo "1935"]
[BlackElo "2094"]
[PlyCount "64"]
[EventDate "2010.10.06"]

1. e4 c5 2. Nf3 d6 3. d4 cxd4 4. Nxd4 Nf6 5. f3 e5 6. Nb3 Be6 7. Nc3 a6 8. Nd5
Nxd5 9. exd5 Bf5 10. Be3 Nd7 11. Bd3 Bxd3 12. Qxd3 Be7 13. O-O O-O 14. f4 Rc8
15. Nd2 Qc7 16. c4 exf4 17. Bxf4 Bf6 18. Rab1 Ne5 19. Bxe5 Bxe5 20. b3 Qa5 21.
a4 b5 22. axb5 axb5 23. Kh1 b4 24. Rf3 Ra8 25. Rh3 g6 26. Qe3 Bg7 27. Rf1 Qc7
28. Ne4 Qe7 29. Nf6+ Qxf6 30. Rxf6 Ra1+ 31. Qg1 Rxg1+ 32. Kxg1 Bxf6 0-1